Najczęściej zgadywane powiaty Polski według kategorii - Statystyki

Ogólne statystyki
  • Ten quiz został rozwiązany 2 847 razy
  • Średni wynik to 21 z 30
Statystyki odpowiedzi
Rodzaj powiatu Województwo % odgadniętych Powiat % Poprawnych
MNPP pomorskie 82% Gdańsk
99%
MNPP małopolskie 78% Kraków
98%
MNPP mazowieckie 82% Warszawa
98%
MNPP śląskie 72% Katowice
97%
MNPP łódzkie 74% Łódź
97%
MNPP lubelskie 72% Lublin
97%
MNPP wielkopolskie 76% Poznań
97%
MNPP zachodniopomorskie 77% Szczecin
97%
MNPP dolnośląskie 74% Wrocław
97%
MNPP pomorskie 77% Gdynia
96%
PZ+MZPP opolskie 65% opolski
80%
PZ lubelskie 65% opolski
80%
PZ+MZPP świętokrzyskie 62% kielecki
77%
PZ+MZPP kujawsko-pomorskie 62% toruński
77%
PZ+MZPP podlaskie 62% białostocki
76%
PZ+MZPP kujawsko-pomorskie 62% bydgoski
76%
PZ+MZPP podkarpackie 59% rzeszowski
76%
PZ+MZPP małopolskie 64% krakowski
75%
PZ+MZPP warmińsko-mazurskie 61% olsztyński
75%
PZ+MZPP wielkopolskie 64% poznański
75%
PZ+MZPP dolnośląskie 60% wrocławski
74%
PZ zachodniopomorskie 51% kołobrzeski
45%
PZ małopolskie 47% tatrzański
40%
PZ podlaskie 44% augustowski
34%
PZ świętokrzyskie 46% sandomierski
34%
PZ wielkopolskie 44% pilski
32%
PZ podlaskie 50% bielski
29%
PZ pomorskie 42% malborski
29%
PZ mazowieckie 42% pruszkowski
29%
PZ dolnośląskie 45% kłodzki
27%
Nie znaleziono quizów pasujących do podanych kryteriów
Rozkład punktacji
Procent ludzi z każdym wynikiem
Percentyl według liczby udzielonych odpowiedzi
Twoja historia wyników
Nie rozwiązałeś tego quizu